|
|
|
|
| LEADER |
01073cam a2200301Ia 4500 |
| 001 |
9780203204818 |
| 003 |
FlBoTFG |
| 005 |
20091230162920.0 |
| 006 |
a|||||s||||||||||| |
| 007 |
cr|||| |
| 008 |
930309s1994 enkab sb 001 0beng d |
| 020 |
|
|
|a 9780203204818 (e-book : PDF)
|
| 040 |
|
|
|a FlBoTFG
|c FlBoTFG
|d GrThAP
|
| 043 |
|
|
|a f-ua---
|
| 090 |
|
|
|a DT92
|b .E4 1994
|
| 092 |
|
|
|a 932.02092
|b E476
|
| 100 |
1 |
|
|a Ellis, Walter M.,
|d 1943-
|
| 245 |
1 |
0 |
|a Ptolemy of Egypt
|h [electronic resource] /
|c Walter M. Ellis.
|
| 260 |
|
|
|a London ;
|a New York :
|b Routledge,
|c 1994.
|
| 300 |
|
|
|a xix, 104 p. :
|b ill., maps.
|
| 504 |
|
|
|a Includes bibliographical references (p. 93-98) and index.
|
| 530 |
|
|
|a Also available in print edition.
|b CRC Press (http://www.crcpress.com)
|
| 538 |
|
|
|a Mode of access: World Wide Web.
|
| 600 |
0 |
0 |
|a Ptolemy
|b I Soter,
|c King of Egypt,
|d d. 283 B.C.
|
| 651 |
|
0 |
|a Egypt
|x Kings and rulers
|v Biography.
|
| 655 |
|
7 |
|a Electronic books.
|2 lcsh
|
| 776 |
1 |
|
|z 9780415100205
|
| 856 |
4 |
0 |
|u http://www.tandfebooks.com/isbn/9780203204818
|z Full Text via HEAL-Link
|